| 000 | 00863nam a2200265 a 4500 | ||
|---|---|---|---|
| 999 |
_c10700 _d10700 |
||
| 001 | 10700 | ||
| 003 | BD-JhCC | ||
| 005 | 20220825134022.0 | ||
| 008 | 180809r20162006enk 000 1 eng | ||
| 020 | _a9780007523528 | ||
| 040 |
_aUkOxU _beng _erda _cUkOxU _dBD-JhCC |
||
| 082 |
_a813.6 _bGRE 2016 |
||
| 100 | 1 |
_aGreen, John, _d1977- _eauthor. |
|
| 245 | 1 | 0 |
_aLooking for Alaska / _cJohn Green. |
| 264 | 1 |
_aLondon : _bHarperCollins Children's Books, _c2016. |
|
| 264 | 4 | _c©2005 | |
| 300 |
_a270 pages ; _c20 cm |
||
| 336 |
_atext _2rdacontent |
||
| 337 |
_aunmediated _2rdamedia |
||
| 338 |
_avolume _2rdacarrier |
||
| 500 | _aFirst published in the USA by Dutton Books, 2005. First published in Great Britain: HarperCollins Children's Books, 2006. | ||
| 650 | 0 |
_aBoarding schools _zAlabama _vFiction. |
|
| 655 | 0 | _aYoung adult fiction. | |
| 942 |
_2ddc _cBK _048 |
||